Southville International School and Colleges
Your cart is empty.
  • Cart
  • Lists
    Public lists list_1 View all
    Your lists Log in to create your own lists
  • Log in to your account
  • Your cookies
  • Search history
Southville International School and Colleges
  • Advanced search
  • Recent comments
  • Most popular
  • Libraries

Log in to your account

Log in with GOOGLE


If you do not have an external account, but do have a local account, you can still log in:

  1. Home
  2. MARC view: Mother Ignacia /
Normal view MARC view ISBD view

Mother Ignacia / (Record no. 292222)

[ view plain ]
MARC details
000 -LEADER
fixed length control field 00638nam a2200241Ia 4500
008 - FIXED-LENGTH DATA ELEMENTS--GENERAL INFORMATION
fixed length control field 160319s9999 xx 000 0 und d
020 ## - INTERNATIONAL STANDARD BOOK NUMBER
International Standard Book Number 971630031X
050 ## - LIBRARY OF CONGRESS CALL NUMBER
Classification number 920
050 ## - LIBRARY OF CONGRESS CALL NUMBER
Item number B356m 1995
100 ## - MAIN ENTRY--PERSONAL NAME
Personal name Baybay, Dulce Festin
245 ## - TITLE STATEMENT
Title Mother Ignacia /
245 ## - TITLE STATEMENT
Statement of responsibility, etc Dulce Festin-Baybay.
260 ## - PUBLICATION, DISTRIBUTION, ETC. (IMPRINT)
Place of publication, distribution, etc Manila :
260 ## - PUBLICATION, DISTRIBUTION, ETC. (IMPRINT)
Name of publisher, distributor, etc Tahanan Books for Young Readers .
260 ## - PUBLICATION, DISTRIBUTION, ETC. (IMPRINT)
Date of publication, distribution, etc 1995
300 ## - PHYSICAL DESCRIPTION
Extent 31 p. :
300 ## - PHYSICAL DESCRIPTION
Other physical details ill. ;
300 ## - PHYSICAL DESCRIPTION
Dimensions 26 cm.
440 ## - SERIES STATEMENT/ADDED ENTRY--TITLE
Title Great lives ; [v.55]
500 ## - GENERAL NOTE
General note Arbitrarily numbered.
650 ## - SUBJECT ADDED ENTRY--TOPICAL TERM
Topical term or geographic name as entry element Ignacia del Espiritu Santo, Mother, 1663-1748 --
650 ## - SUBJECT ADDED ENTRY--TOPICAL TERM
General subdivision Juvenile literature.
Holdings
Withdrawn status Lost status Damaged status Home library Current library Shelving location Date acquired Total Checkouts Full call number Barcode Date last seen Price effective from Koha item type
      Stonyhurst Southville International School (Batangas) Stonyhurst Southville International School (Batangas) Filipiniana Section 03/19/2016   Fil 920 B356m 1995 LS 2962 03/19/2016 03/19/2016 Books

Mother Ignacia /

APA

Baybay D. F., .Mother Ignacia. Manila: .

Chicago

Baybay Dulce Festin, .Mother Ignacia. Manila: .

Harvard

Baybay D. F., .Mother Ignacia. Manila: .

MLA

Baybay Dulce Festin, .Manila: . .

  • Place hold
  • Print
  • Cite
  • Add to your cart (remove)
  • Save record
    BIBTEX Dublin Core MARCXML MARC (non-Unicode/MARC-8) MARC (Unicode/UTF-8) MARC (Unicode/UTF-8, Standard) MODS (XML) RIS
  • More searches
    Search for this title in:
    Other Libraries (WorldCat) Other Databases (Google Scholar) Online Stores (Bookfinder.com) Open Library (openlibrary.org)

Exporting to Dublin Core...

SOUTHVILLE LIBRARY

Southville International School and Colleges Library

1281 Tropical Ave. Cor. Luxembourg St., BF Homes International, Las Pinas City

Tel. No. 8256374 / 252358 Loc. 117/146

Powered by Koha